Linguistique et discours littéraire : théorie et pratique des texts /

Guardat en:
Dades bibliogràfiques
Autor principal: Adam, Jean-Michel
Altres autors: Goldenstein, Jean-Pierre (colaborador)
Format: Desconegut
Idioma:French
Publicat: Paris : Librairie Larousse, 1976.
Col·lecció:(Collection L)
Matèries:
Etiquetes: Afegir etiqueta
Sense etiquetes, Sigues el primer a etiquetar aquest registre!

MARC

LEADER 000000000a22000000004500
001 003753
020 |a 2030360139 
041 0 |a fre 
082 0 4 |a 410   |b A194L 
100 1 |a Adam, Jean-Michel 
245 1 0 |a Linguistique et discours littéraire :   |b théorie et pratique des texts /   |c Jean-Michel Adam ; Jean-Pierre Goldenstein, colaborador. 
260 1 |a Paris :   |b Librairie Larousse,   |c 1976. 
300 |a 351 páginas 
490 1 |a (Collection L) 
650 4 |a LINGUISTICA 
700 1 |a Goldenstein, Jean-Pierre,   |e colaborador 
999 |c 10184  |d 10184 
942 |c BK  |h 410 A194L  |2 z